Transportation: the domestic system (Record no. 10704)

MARC details
000 -LEADER
fixed length control field 00404nam a2200169Ia 4500
008 - FIXED-LENGTH DATA ELEMENTS--GENERAL INFORMATION
fixed length control field 230917s9999||||xx |||||||||||||| ||und||
020 ## - ISBN
Price
-- 18.95
040 ## - CATALOGING SOURCE
-- 5015284
Original cataloging agency VIVEKANANDA LIBRARY
041 ## - Language
-- English
082 ## - DDC NUMBER
Classification number 380.5 L621T
100 ## - MAIN ENTRY--PERSONAL NAME
Personal name Lieb, Robert C
245 #0 - TITLE STATEMENT
Title Transportation: the domestic system
250 ## - EDITION STATEMENT
Edition statement 2nd ed.
260 ## - PUBLICATION, DISTRIBUTION, ETC. (IMPRINT)
Place of publication, distribution, etc Reston
Name of publisher, distributor, etc Reston
Date of publication, distribution, etc 1981
300 ## - PHYSICAL DESCRIPTION
Pages xv, 400 p.
942 ## - ADDED ENTRY ELEMENTS (KOHA)
Koha item type Books
Holdings
Withdrawn status Lost status Damaged status Not for loan Location (home branch) Sublocation or collection (holding branch) Date acquired Koha issues (times borrowed) Koha full call number Accession No. Koha date last seen Koha item type
        VIVEKANANDA LIBRARY VIVEKANANDA LIBRARY 11/08/2023   380.5 L621T 314113 17/09/2023 Books
© Designed and Maintained by Vivekananda Library, MDU Rohtak